[Event "POL-chT3 2010/11"]
[Site "Wielkopolska"]
[Date "2011.01.23"]
[Round "4"]
[White "Bruder, Adam"]
[Black "Mikolajczyk, Radoslaw"]
[Result "0-1"]
[WhiteElo "1534"]
[BlackElo "1887"]
[PlyCount "58"]
[EventDate "2010.11.28"]
[EventType "team-tourn"]
[EventRounds "11"]
[EventCountry "POL"]
[SourceTitle "EXT 2019"]
[Source "ChessBase"]
[SourceDate "2018.10.10"]
[SourceVersion "1"]
[SourceVersionDate "2018.10.10"]
[SourceQuality "1"]
[WhiteTeam "Rawicz Korona Rawbud"]
[BlackTeam "Gniezno LKS Chrobry II"]
[WhiteTeamCountry "POL"]
[BlackTeamCountry "POL"]

1. e4 c5 2. Nf3 d6 3. d4 cxd4 4. Nxd4 Nf6 5. Nc3 a6 6. Bg5 e6 7. f4 Be7 8. Qf3 Qc7 9. 0-0-0 Nbd7 10. g4 b5 11. a3 Bb7 12. Bxf6 Nxf6 13. Bd3 Nd7 14. Rhe1 Nc5 15. Qf2 0-0 16. Nf3 Bf6 17. e5 Nxd3+ 18. Rxd3 dxe5 19. g5 Be7 20. Nxe5 Rad8 21. Rh3 g6 22. Rh6 f5 23. Qh4 Bxa3 24. Nxg6 Rf7 25. Rxe6 Qxc3 26. Ne7+ Rxe7 27. Reg6+ Rg7 28. Rd6 Qxb2+ 29. Kd2 Rxd6+ 0-1

[Event "POL-chT4B 0910"]
[Site "Wielkoposka"]
[Date "2010.05.16"]
[Round "7"]
[White "Szadkowski, Kamil"]
[Black "Mikolajczyk, Radoslaw"]
[Result "1-0"]
[WhiteElo "2159"]
[BlackElo "1600"]
[PlyCount "95"]
[EventDate "2010.01.10"]
[EventType "team-tourn"]
[EventRounds "9"]
[EventCountry "POL"]
[SourceTitle "EXT 2019"]
[Source "ChessBase"]
[SourceDate "2018.10.10"]
[SourceVersion "1"]
[SourceVersionDate "2018.10.10"]
[SourceQuality "1"]
[WhiteTeam "Konin UKS Smecz"]
[BlackTeam "Gniezno LKS Chrobry III"]
[WhiteTeamCountry "POL"]
[BlackTeamCountry "POL"]

1. e4 c5 2. Nf3 Nc6 3. d3 d6 4. g3 Nf6 5. Bg2 e6 6. 0-0 Be7 7. Ne1 d5 8. Nd2 dxe4 9. Nxe4 0-0 10. Be3 Nxe4 11. Bxe4 f5 12. Bg2 Qb6 13. Rb1 Qc7 14. c3 b6 15. b4 Rb8 16. Qb3 Bd7 17. b5 Na5 18. Qc2 Bd6 19. f4 Rbd8 20. Nf3 c4 21. d4 Bc8 22. Rbe1 Bb7 23. Ng5 Rfe8 24. Qe2 h6 25. Nh3 Bxg2 26. Qxg2 Qb7 27. Re2 Qxg2+ 28. Kxg2 Kf7 29. Kf3 h5 30. Ng5+ Kf6 31. Rfe1 Bb8 32. Bc1 g6 33. Rxe6+ Rxe6 34. Rxe6+ Kg7 35. Ba3 Rd7 36. Re8 Bd6 37. Bxd6 Rxd6 38. Re7+ Kg8 39. Rxa7 Kf8 40. Rc7 Ke8 41. Ke3 Kd8 42. Rg7 Ke8 43. Nf3 Kf8 44. Rc7 Re6+ 45. Ne5 Rd6 46. a4 Re6 47. h4 Kg8 48. Kf2 1-0